Vista normal Vista MARC
  • Pasión; Venganza; Novela gótica

Entrada Topical Term

Número de registros utilizados en: 1

001 - CONTROL NUMBER

  • control field: 4141

003 - CONTROL NUMBER IDENTIFIER

  • control field: MX-ChCB

005 - DATE AND TIME OF LATEST TRANSACTION

  • control field: 20250924131443.0

008 - FIXED-LENGTH DATA ELEMENTS

  • fixed length control field: 250924|| aca||aabn | a|a d

040 ## - CATALOGING SOURCE

  • Original cataloging agency: MX-ChCB
  • Transcribing agency: MX-ChCB

150 ## - HEADING--TOPICAL TERM

  • Topical term or geographic name entry element: Pasión; Venganza; Novela gótica
  • Form subdivision: Ficción clásica
  • General subdivision: Siglo XIX

670 ## - SOURCE DATA FOUND

  • Source citation: Work cat.: (MX-ChCB): Bronte, Emily; 1818-1848 3790, Cumbres Borrascosas, 2001

 


Coordinación de bibliotecas. Departamento de Servicios Académicos. Dirección Académica. 


<!-- Google tag (gtag.js) --> <script async src="https://www.googletagmanager.com/gtag/js?id=G-0C4V1VENB7"></script> <script> window.dataLayer = window.dataLayer || []; function gtag(){dataLayer.push(arguments);} gtag('js', new Date()); gtag('config', 'G-0C4V1VENB7'); </script>

//]]>